[Event "Budapest Spring op"]
[Site "Budapest"]
[Date "2016.03.22"]
[Round "4"]
[White "Schmidt, Wolfgang"]
[Black "Alkanderi, Suad"]
[Result "1-0"]
[WhiteElo "1417"]
[BlackElo "1302"]
[PlyCount "103"]
[EventDate "2016.03.18"]
[EventType "swiss"]
[EventRounds "9"]
[EventCountry "HUN"]
[SourceTitle "CBM 171 Extra"]
[Source "ChessBase"]
[SourceDate "2016.04.26"]
[SourceVersion "1"]
[SourceVersionDate "2016.04.26"]
[SourceQuality "1"]

1. d4 d5 2. Nf3 Bf5 3. c4 e6 4. Nc3 Nf6 5. Bg5 Be7 6. e3 0-0 7. Bd3 Bxd3 8. Qxd3 Ne4 9. Bxe7 Qxe7 10. Nxe4 dxe4 11. Qxe4 Qb4+ 12. Nd2 c6 13. Qc2 Nd7 14. 0-0 e5 15. a3 Qe7 16. Rfe1 exd4 17. exd4 Qf6 18. Nf3 h6 19. Re3 Rae8 20. Rae1 Rxe3 21. Rxe3 Qg6 22. Qc1 Nf6 23. Ne5 Qf5 24. Rg3 Ne4 25. Rf3 Qg5 26. Qe1 Qd2 27. Re3 Qxe1+ 28. Rxe1 f5 29. h4 Nd2 30. Re2 Nb3 31. Nf3 a6 32. Re3 Na1 33. Re5 g6 34. d5 cxd5 35. Rxd5 Nb3 36. Rd7 Nc5 37. Rd6 Kg7 38. b4 Na4 39. Ne5 g5 40. hxg5 hxg5 41. Rg6+ Kh7 42. Rxg5 Rd8 43. Rxf5 Rd2 44. Rf7+ Kg8 45. Rxb7 Ra2 46. c5 Rxa3 47. c6 Rc3 48. Ra7 Nc5 49. c7 Ne6 50. Ra8+ Kg7 51. c8Q Rxc8 52. Rxc8 1-0

[Event "Budapest Spring op"]
[Site "Budapest"]
[Date "2016.03.21"]
[Round "3"]
[White "Liptak, Tibor"]
[Black "Schmidt, Wolfgang"]
[Result "1-0"]
[WhiteElo "1785"]
[BlackElo "1417"]
[PlyCount "105"]
[EventDate "2016.03.18"]
[EventType "swiss"]
[EventRounds "9"]
[EventCountry "HUN"]
[SourceTitle "CBM 171 Extra"]
[Source "ChessBase"]
[SourceDate "2016.04.26"]
[SourceVersion "1"]
[SourceVersionDate "2016.04.26"]
[SourceQuality "1"]

1. e4 c5 2. g3 d6 3. Bg2 Nc6 4. Ne2 Nf6 5. 0-0 g6 6. c3 Bg7 7. d4 cxd4 8. Nxd4 e5 9. Nb5 Bf8 10. Bg5 Be7 11. Bxf6 Bxf6 12. Nxd6+ Kf8 13. Qd2 Kg7 14. Rd1 Rb8 15. a4 Be6 16. Qc2 Qb6 17. b4 a5 18. b5 Ne7 19. Na3 Qc5 20. Bf1 Nc8 21. Ndc4 b6 22. Ne3 Nd6 23. Nd5 Bg5 24. h4 Bd8 25. Qd3 f5 26. exf5 Bxf5 27. Qe3 Ne4 28. Nc4 Re8 29. Kg2 Re6 30. g4 Nxf2 31. Qxc5 Be4+ 32. Kxf2 bxc5 33. Kg3 g5 34. h5 Rb7 35. Nde3 Be7 36. Bd3 Bxd3 37. Rxd3 e4 38. Rd5 h6 39. Nf5+ Kh7 40. Rad1 Bf6 41. Rd7+ Rxd7 42. Rxd7+ Kh8 43. Rc7 Bxc3 44. Rxc5 e3 45. Ncxe3 Be5+ 46. Kf3 Bf4 47. Rc6 Re8 48. Rxh6+ Kg8 49. Nd5 Be5 50. Rg6+ Kf7 51. Rxg5 Rd8 52. Nfe3 Rc8 53. Rxe5 1-0

[Event "Budapest FS09 FM-B"]
[Site "Budapest"]
[Date "2015.09.09"]
[Round "5"]
[White "Schmidt, Wolfgang"]
[Black "Oberfrank, Istvan1111"]
[Result "0-1"]
[WhiteElo "1435"]
[BlackElo "1729"]
[PlyCount "84"]
[EventDate "2015.09.05"]
[EventType "tourn"]
[EventRounds "9"]
[EventCountry "HUN"]
[SourceTitle "EXT 2016"]
[Source "ChessBase"]
[SourceDate "2015.10.08"]
[SourceVersion "1"]
[SourceVersionDate "2015.10.08"]
[SourceQuality "1"]

1. d4 Nf6 2. Nf3 g6 3. c4 Bg7 4. Nc3 0-0 5. e4 d6 6. Be2 e5 7. 0-0 Nc6 8. d5 Ne7 9. Rb1 Ne8 10. Bg5 f6 11. Bh4 g5 12. Bg3 Ng6 13. Re1 h5 14. h3 h4 15. Bh2 f5 16. exf5 Bxf5 17. Bd3 Qf6 18. Ne4 Bxe4 19. Bxe4 Nf4 20. Rf1 Bh6 21. Kh1 Ng7 22. Ng1 Nfh5 23. b4 Qf7 24. Rb3 Nf6 25. Rf3 Qh5 26. Bb1 e4 27. Rc3 Qxd1 28. Rxd1 Ngh5 29. c5 Nf4 30. Bxf4 gxf4 31. cxd6 cxd6 32. a4 Rac8 33. Rxc8 Rxc8 34. Re1 Rc4 35. Ne2 Rxb4 36. Nc3 e3 37. fxe3 fxe3 38. Kg1 a6 39. Kf1 Rd4 40. Ba2 Kf7 41. Ke2 Rd2+ 42. Kf3 Rf2# 0-1

[Event "Budapest FS09 FM-B"]
[Site "Budapest"]
[Date "2015.09.05"]
[Round "1"]
[White "Gruz, Janos"]
[Black "Schmidt, Wolfgang"]
[Result "1-0"]
[WhiteElo "1714"]
[BlackElo "1435"]
[PlyCount "31"]
[EventDate "2015.09.05"]
[EventType "tourn"]
[EventRounds "9"]
[EventCountry "HUN"]
[SourceTitle "EXT 2016"]
[Source "ChessBase"]
[SourceDate "2015.10.08"]
[SourceVersion "1"]
[SourceVersionDate "2015.10.08"]
[SourceQuality "1"]

1. e4 c5 2. Nf3 Nc6 3. Bc4 e6 4. d4 cxd4 5. Nxd4 Nf6 6. Nc3 Be7 7. 0-0 a6 8. a4 0-0 9. Be3 Qc7 10. Be2 Bd6 11. g3 b6 12. f3 Bb7 13. Ndb5 Qd8 14. Nxd6 Rb8 15. Nxb7 Rxb7 16. Bxa6 1-0

[Event "Budapest FS07 FM-B"]
[Site "Budapest"]
[Date "2015.07.10"]
[Round "7"]
[White "Szurkos, Andras"]
[Black "Schmidt, Wolfgang"]
[Result "1-0"]
[WhiteElo "1787"]
[BlackElo "1471"]
[PlyCount "76"]
[EventDate "2015.07.04"]
[EventType "tourn"]
[EventRounds "11"]
[EventCountry "HUN"]
[SourceTitle "CBM 167 Extra"]
[Source "ChessBase"]
[SourceDate "2015.09.14"]
[SourceVersion "1"]
[SourceVersionDate "2015.09.14"]
[SourceQuality "1"]

1. e4 c5 2. d4 cxd4 3. Nf3 Nc6 4. Nxd4 Nf6 5. Nc3 e5 6. Nxc6 bxc6 7. a3 Be7 8. Bc4 0-0 9. 0-0 d6 10. f4 exf4 11. Rxf4 Be6 12. Bd3 Qc7 13. Qe1 Nd7 14. Rf1 Ne5 15. Ne2 f6 16. Qg3 Rad8 17. Nf4 Bf7 18. Be3 d5 19. exd5 Nxd3 20. cxd3 cxd5 21. Qg4 Bd6 22. Rac1 Qd7 23. Qf3 d4 24. Bf2 Bb8 25. Rc5 Qd6 26. Rf5 Be6 27. Bg3 Bxf5 28. Ng6 Qxg3 29. hxg3 Bxg6 30. Rc1 Rfe8 31. Qb7 Bxd3 32. Qb3+ Kf8 33. Qxd3 Re3 34. Qxh7 Rxg3 35. Qh8+ Ke7 36. Re1+ Kd7 37. Qh5 Rg5 38. Qf7+ Kc8 1-0

[Event "Budapest FS07 FM-B"]
[Site "Budapest"]
[Date "2015.07.06"]
[Round "3"]
[White "Norooz, Melika"]
[Black "Schmidt, Wolfgang"]
[Result "1-0"]
[WhiteElo "1605"]
[BlackElo "1471"]
[PlyCount "71"]
[EventDate "2015.07.04"]
[EventType "tourn"]
[EventRounds "11"]
[EventCountry "HUN"]
[SourceTitle "CBM 167 Extra"]
[Source "ChessBase"]
[SourceDate "2015.09.14"]
[SourceVersion "1"]
[SourceVersionDate "2015.09.14"]
[SourceQuality "1"]

1. Nf3 c5 2. e3 Nf6 3. d4 g6 4. c3 b6 5. Nbd2 Bb7 6. Bc4 e6 7. 0-0 Bg7 8. Re1 d5 9. Bb5+ Nbd7 10. Ne5 Qc7 11. f4 0-0 12. Ndf3 a6 13. Bd3 Rad8 14. h4 Ne4 15. Nxd7 Rxd7 16. Ne5 Re7 17. h5 f6 18. Ng4 gxh5 19. Nf2 f5 20. Qxh5 Bf6 21. Bxe4 dxe4 22. g4 cxd4 23. cxd4 Bc6 24. g5 Rg7 25. Nh3 Rff7 26. Kf2 Bxd4 27. exd4 Bb5 28. Ng1 e5 29. dxe5 Rf8 30. Qh3 Rd8 31. Qc3 Qd7 32. Qb3+ Kh8 33. Be3 Qc6 34. Rac1 Qg6 35. a4 Bd3 36. Qxb6 1-0

[Event "Budapest FS06 FM-B"]
[Site "Budapest"]
[Date "2015.06.11"]
[Round "6"]
[White "Schmidt, Wolfgang"]
[Black "Oberfrank, Istvan1111"]
[Result "1-0"]
[WhiteElo "1479"]
[BlackElo "1760"]
[PlyCount "71"]
[EventDate "2015.06.06"]
[EventType "tourn"]
[EventRounds "11"]
[EventCountry "HUN"]
[SourceTitle "CBM 166 Extra"]
[Source "ChessBase"]
[SourceDate "2015.06.18"]
[SourceVersion "1"]
[SourceVersionDate "2015.06.18"]
[SourceQuality "1"]

1. d4 e6 2. Nf3 d5 3. b3 Be7 4. e3 Nf6 5. Bb2 Nbd7 6. Bd3 h6 7. 0-0 Bd6 8. Nbd2 c6 9. Rc1 0-0 10. c4 Re8 11. Ne5 Bxe5 12. dxe5 Nh7 13. Qc2 Ndf8 14. cxd5 exd5 15. f4 Qh4 16. Rf3 Bg4 17. Rg3 g6 18. f5 gxf5 19. Bxf5 h5 20. Rf1 Re6 21. Bxe6 Nxe6 22. Nf3 Qe7 23. h3 Nhg5 24. hxg4 h4 25. Nxh4 Ne4 26. Nf5 Qg5 27. Rgf3 Rf8 28. Nd6 Qxg4 29. Nxf7 Qg6 30. Nd6 Rxf3 31. Rxf3 N6g5 32. Rg3 Kh7 33. Nxe4 dxe4 34. Qf2 b5 35. Qf4 Qh5 36. Rxg5 1-0

[Event "Budapest FS06 FM-B"]
[Site "Budapest"]
[Date "2015.06.08"]
[Round "3"]
[White "Nemeth, Otto"]
[Black "Schmidt, Wolfgang"]
[Result "1-0"]
[WhiteElo "1650"]
[BlackElo "1479"]
[PlyCount "135"]
[EventDate "2015.06.06"]
[EventType "tourn"]
[EventRounds "11"]
[EventCountry "HUN"]
[SourceTitle "CBM 166 Extra"]
[Source "ChessBase"]
[SourceDate "2015.06.18"]
[SourceVersion "1"]
[SourceVersionDate "2015.06.18"]
[SourceQuality "1"]

1. e4 c5 2. Nc3 d6 3. Bc4 e6 4. Nf3 Nc6 5. d3 a6 6. a4 Nf6 7. Bg5 Be7 8. Qd2 Qc7 9. 0-0 0-0 10. Rfe1 Rb8 11. h3 b6 12. g4 Bb7 13. Qe3 Nb4 14. Re2 d5 15. exd5 Nfxd5 16. Bxd5 Bxg5 17. Nxg5 Bxd5 18. Nxd5 Nxd5 19. Qe4 Nf6 20. Qg2 Nd5 21. Re4 h6 22. Nf3 Rbe8 23. g5 hxg5 24. Qxg5 f5 25. Rh4 Nf6 26. Re1 Re7 27. Ne5 g6 28. Rh6 Nh7 29. Rxg6+ Rg7 30. Rxg7+ Qxg7 31. Qxg7+ Kxg7 32. Nd7 Re8 33. Nxb6 Kf7 34. Nc4 Rd8 35. b3 Kf6 36. Kg2 Rg8+ 37. Kh2 Ng5 38. Ne5 Rh8 39. Re3 f4 40. Ng4+ Ke7 41. Re2 Rxh3+ 42. Kg1 Nf3+ 43. Kg2 Ng5 44. Re5 Rh5 45. Rxc5 f3+ 46. Kg3 Ne4+ 47. dxe4 Rxc5 48. c4 a5 49. Kxf3 Rc8 50. Ke2 Rb8 51. Ne5 Kd6 52. f4 Rxb3 53. Nd3 Ra3 54. Ke3 Rxa4 55. Kd4 Ra1 56. c5+ Ke7 57. f5 Ra4+ 58. Ke5 exf5 59. exf5 Ra3 60. Nf4 Re3+ 61. Kd4 Rb3 62. Kd5 a4 63. Kc4 Rb8 64. Nd5+ Kf7 65. Nb6 a3 66. Kb3 a2 67. Kxa2 Kf6 68. Nd7+ 1-0

[Event "Mecklenburg VP LL2 West 1314"]
[Site "Mecklenburg VP"]
[Date "2014.04.06"]
[Round "8.5"]
[White "Kuehn, Peter1111"]
[Black "Schmidt, Wolfgang"]
[Result "1/2-1/2"]
[WhiteElo "1798"]
[BlackElo "1648"]
[PlyCount "93"]
[EventDate "2013.10.27"]
[EventType "team-tourn"]
[EventRounds "9"]
[EventCountry "GER"]
[SourceTitle "EXT 2022"]
[Source "ChessBase"]
[SourceDate "2021.10.06"]
[SourceVersion "1"]
[SourceVersionDate "2021.10.06"]
[SourceQuality "1"]
[WhiteTeam "Malchow Schachinsel"]
[BlackTeam "Schwerin SF IV"]
[WhiteTeamCountry "GER"]
[BlackTeamCountry "GER"]

1. e4 e5 2. Nf3 Nc6 3. d4 exd4 4. Nxd4 Qf6 5. Be3 Bc5 6. c3 Nge7 7. Bc4 0-0 8. 0-0 d6 9. Kh1 Be6 10. Nxe6 fxe6 11. Bxc5 dxc5 12. Qg4 Nd8 13. Nd2 Nec6 14. f4 Qe7 15. e5 Na5 16. Bd3 Nf7 17. Qh3 g6 18. Ne4 Kg7 19. Nf6 Nh6 20. g4 Rh8 21. Rae1 c4 22. Bc2 Nc6 23. Qh4 Raf8 24. Rd1 Qc5 25. Rd7+ Rf7 26. Rfd1 Qe3 27. Nh5+ Kg8 28. Rd8+ Nxd8 29. Rxd8+ Rf8 30. Rxf8+ Kxf8 31. Qd8+ Kf7 32. Qf6+ Ke8 33. Qxh8+ Ke7 34. Qf6+ Kd7 35. Ba4+ c6 36. Qg7+ Kc8 37. Qf8+ Kc7 38. Qd6+ Kc8 39. Qxe6+ Kc7 40. Qd6+ Kc8 41. Qf8+ Kc7 42. Qd6+ Kc8 43. Nf6 Qe1+ 44. Kg2 Qe2+ 45. Kg3 Qe3+ 46. Kg2 Qe2+ 47. Kg1 1/2-1/2

[Event "Budapest FS12 FM-B"]
[Site "Budapest"]
[Date "2013.12.15"]
[Round "8"]
[White "Szurkos, Andras"]
[Black "Schmidt, Wolfgang"]
[Result "1-0"]
[WhiteElo "1740"]
[BlackElo "1470"]
[PlyCount "67"]
[EventDate "2013.12.07"]
[EventType "tourn"]
[EventRounds "9"]
[EventCountry "HUN"]
[SourceTitle "CBM 158 Extra"]
[Source "ChessBase"]
[SourceDate "2014.02.28"]
[SourceVersion "1"]
[SourceVersionDate "2014.02.28"]
[SourceQuality "1"]

1. c4 Nf6 2. Nc3 g6 3. g3 Bg7 4. Bg2 0-0 5. e3 c5 6. d4 d6 7. Nge2 Nc6 8. 0-0 Bd7 9. a3 Rc8 10. b3 cxd4 11. exd4 b6 12. Be3 Ng4 13. Bg5 h6 14. Bc1 e5 15. d5 Nd4 16. Ra2 h5 17. h3 Nh6 18. Bxh6 Nxe2+ 19. Qxe2 Bxh6 20. Ne4 Qe7 21. g4 f5 22. gxf5 Rxf5 23. Ng3 Rf4 24. Qd3 Kg7 25. Re2 Rcf8 26. Re4 h4 27. Ne2 Rxe4 28. Qxe4 Bf5 29. Qf3 g5 30. Re1 Qf6 31. Nc3 Qg6 32. Kh1 g4 33. hxg4 Bxg4 34. Qe4 1-0

[Event "Budapest FS12 FM-B"]
[Site "Budapest"]
[Date "2013.12.14"]
[Round "7"]
[White "Schmidt, Wolfgang"]
[Black "Szlenka, Attila"]
[Result "1-0"]
[WhiteElo "1470"]
[BlackElo "1796"]
[PlyCount "79"]
[EventDate "2013.12.07"]
[EventType "tourn"]
[EventRounds "9"]
[EventCountry "HUN"]
[SourceTitle "CBM 158 Extra"]
[Source "ChessBase"]
[SourceDate "2014.02.28"]
[SourceVersion "1"]
[SourceVersionDate "2014.02.28"]
[SourceQuality "1"]

1. d4 Nf6 2. Nf3 g6 3. c4 Bg7 4. Nc3 0-0 5. e4 d6 6. Be2 Nbd7 7. 0-0 e5 8. dxe5 Nxe5 9. Qc2 Nc6 10. Rb1 Re8 11. b4 Bg4 12. Be3 Nd7 13. a3 h6 14. Rfd1 Bxf3 15. Bxf3 Nce5 16. Be2 Qh4 17. f3 Nb6 18. Nd5 Nxd5 19. Rxd5 b6 20. c5 dxc5 21. bxc5 c6 22. Rd2 b5 23. Rbd1 Rad8 24. Bf2 Qe7 25. Rd6 g5 26. Qd2 Rxd6 27. cxd6 Qd7 28. Qb4 a5 29. Qc5 f6 30. Bg3 Nf7 31. f4 gxf4 32. Bxf4 Bf8 33. h3 Rd8 34. Bg4 Qb7 35. Be6 b4 36. axb4 Qxb4 37. Qa7 Bg7 38. Qxf7+ Kh8 39. Qg6 a4 40. Bxh6 1-0

[Event "Budapest FS12 FM-B"]
[Site "Budapest"]
[Date "2013.12.11"]
[Round "5"]
[White "Schmidt, Wolfgang"]
[Black "Bozay, Gergely"]
[Result "0-1"]
[WhiteElo "1470"]
[BlackElo "1792"]
[PlyCount "128"]
[EventDate "2013.12.07"]
[EventType "tourn"]
[EventRounds "9"]
[EventCountry "HUN"]
[SourceTitle "CBM 158 Extra"]
[Source "ChessBase"]
[SourceDate "2014.02.28"]
[SourceVersion "1"]
[SourceVersionDate "2014.02.28"]
[SourceQuality "1"]

1. d4 Nf6 2. Nf3 e6 3. c4 c5 4. d5 exd5 5. cxd5 d6 6. Nc3 Nbd7 7. e4 a6 8. a4 g6 9. Be2 Bg7 10. 0-0 0-0 11. Rb1 Re8 12. Qc2 Ng4 13. Bf4 Nde5 14. Nd2 Qc7 15. f3 Nh6 16. Nc4 f5 17. Qd2 Nxc4 18. Bxc4 Nf7 19. Rfe1 Ne5 20. Bf1 Bd7 21. b3 Qa5 22. Qc2 Nxf3+ 23. gxf3 Qxc3 24. Qd1 fxe4 25. fxe4 Qf6 26. Bg3 Qg5 27. Bg2 Bd4+ 28. Kh1 Be5 29. Qd3 Bxg3 30. Qxg3 Qxg3 31. hxg3 b5 32. a5 Rac8 33. Rec1 b4 34. Re1 Bb5 35. Bh3 Rc7 36. Be6+ Kg7 37. e5 Rd8 38. Bh3 dxe5 39. Rxe5 Bd3 40. Rc1 c4 41. Bg2 c3 42. g4 Rc5 43. Re3 Bb5 44. Kg1 Rf8 45. d6 c2 46. Re4 Rd8 47. Rd4 Kf6 48. Be4 Ke5 49. Rxb4 Rxd6 50. Rxc2 Rd1+ 51. Kf2 Rxc2+ 52. Bxc2 Rd2+ 53. Kf3 Rxc2 54. Re4+ Kf6 55. Re3 g5 56. Kg3 Rd2 57. b4 Rd3 58. Rxd3 Bxd3 59. Kf2 Ke5 60. Ke3 Bb5 61. Kf3 Kd4 62. Kf2 Ke4 63. Kg3 Ke3 64. Kh3 Kf3 0-1

[Event "Budapest FS12 FM-B"]
[Site "Budapest"]
[Date "2013.12.10"]
[Round "4"]
[White "Marcu, Simon"]
[Black "Schmidt, Wolfgang"]
[Result "1-0"]
[WhiteElo "1885"]
[BlackElo "1470"]
[PlyCount "93"]
[EventDate "2013.12.07"]
[EventType "tourn"]
[EventRounds "9"]
[EventCountry "HUN"]
[SourceTitle "CBM 158 Extra"]
[Source "ChessBase"]
[SourceDate "2014.02.28"]
[SourceVersion "1"]
[SourceVersionDate "2014.02.28"]
[SourceQuality "1"]

1. d4 Nf6 2. c4 g6 3. Nc3 Bg7 4. e4 d6 5. f3 0-0 6. Bd3 Nc6 7. Nge2 e5 8. d5 Ne7 9. Be3 Ne8 10. Qd2 f5 11. 0-0-0 f4 12. Bf2 h5 13. c5 Bd7 14. Kb1 Qb8 15. Rc1 c6 16. Rhd1 Nc8 17. Bc4 Kh7 18. Bb3 Qc7 19. Na4 Qd8 20. Rc3 Qa5 21. Qc2 cxd5 22. Rxd5 Bc6 23. Rd1 Qd8 24. Rcd3 g5 25. Nac3 Rf6 26. Nd5 Rg6 27. h3 Qd7 28. Nb4 Bb5 29. R3d2 Bf8 30. Nc3 Bc6 31. Ncd5 Rh6 32. Nc3 Qc7 33. Ncd5 Qa5 34. Rc1 Rb8 35. Nd3 Bb5 36. cxd6 Ncxd6 37. Nxe5 Re6 38. Nd3 Nc4 39. Bxc4 Bxc4 40. Nc3 b5 41. b3 b4 42. Ne2 Bxd3 43. Rxd3 Ra6 44. Rd5 Qa3 45. Qd2 Rg6 46. Nd4 a5 47. Nf5 1-0

[Event "Budapest FS06 FM-B"]
[Site "Budapest"]
[Date "2013.06.06"]
[Round "6"]
[White "Schmidt, Wolfgang"]
[Black "Lukacs, Albert"]
[Result "0-1"]
[WhiteElo "1450"]
[BlackElo "1917"]
[PlyCount "58"]
[EventDate "2013.06.01"]
[EventType "tourn"]
[EventRounds "11"]
[EventCountry "HUN"]
[SourceTitle "CBM 154 Extra"]
[Source "ChessBase"]
[SourceDate "2013.06.25"]
[SourceVersion "2"]
[SourceVersionDate "2013.06.25"]
[SourceQuality "1"]

1. d4 d5 2. c4 e6 3. Nc3 Nf6 4. e3 a6 5. cxd5 exd5 6. a4 Bb4 7. Bd2 Nc6 8. Bd3 Qe7 9. Nge2 Bg4 10. Rc1 Rd8 11. 0-0 0-0 12. Qc2 Bd6 13. Na2 Bxe2 14. Bxe2 Nxd4 15. Qd1 Nxe2+ 16. Qxe2 Qe5 17. g3 d4 18. Nb4 Rfe8 19. Nd3 Qf5 20. Kg2 Nd5 21. Rce1 Re4 22. f3 Rxe3 23. Bxe3 Nxe3+ 24. Kg1 c5 25. Rf2 c4 26. Nc1 Bb4 27. Na2 Bxe1 28. Qxe1 h5 29. Qe2 Qb1+ 0-1

[Event "Budapest FS06 FM-B"]
[Site "Budapest"]
[Date "2013.06.05"]
[Round "5"]
[White "Steer, Jozsef"]
[Black "Schmidt, Wolfgang"]
[Result "1-0"]
[WhiteElo "1938"]
[BlackElo "1450"]
[PlyCount "45"]
[EventDate "2013.06.01"]
[EventType "tourn"]
[EventRounds "11"]
[EventCountry "HUN"]
[SourceTitle "CBM 154 Extra"]
[Source "ChessBase"]
[SourceDate "2013.06.25"]
[SourceVersion "2"]
[SourceVersionDate "2013.06.25"]
[SourceQuality "1"]

1. e4 c5 2. Nf3 d6 3. d4 cxd4 4. Nxd4 Nf6 5. Nc3 a6 6. Bc4 e6 7. Bb3 Nc6 8. Be3 Be7 9. f3 Na5 10. Qd2 Nxb3 11. axb3 Bd7 12. g4 0-0 13. 0-0-0 b5 14. h4 b4 15. Nce2 Qa5 16. Kb1 Qd8 17. h5 d5 18. g5 dxe4 19. gxf6 Bxf6 20. fxe4 Be8 21. h6 g6 22. Nf3 Qb8 23. Bc5 1-0

[Event "Budapest FS06 FM-B"]
[Site "Budapest"]
[Date "2013.06.01"]
[Round "1"]
[White "Szabo, Miklos Istvan"]
[Black "Schmidt, Wolfgang"]
[Result "0-1"]
[WhiteElo "1322"]
[BlackElo "1450"]
[PlyCount "82"]
[EventDate "2013.06.01"]
[EventType "tourn"]
[EventRounds "11"]
[EventCountry "HUN"]
[SourceTitle "CBM 154 Extra"]
[Source "ChessBase"]
[SourceDate "2013.06.25"]
[SourceVersion "2"]
[SourceVersionDate "2013.06.25"]
[SourceQuality "1"]

1. e4 c5 2. Nf3 d6 3. d4 cxd4 4. Nxd4 Nf6 5. Nc3 a6 6. Be2 e6 7. 0-0 Be7 8. Bg5 0-0 9. a4 Nc6 10. Nxc6 bxc6 11. a5 Rb8 12. Ra2 Qc7 13. Re1 d5 14. e5 Qxe5 15. Bh4 Qc7 16. f4 Bc5+ 17. Kh1 Nd7 18. Bd3 Bd6 19. Qh5 g6 20. Qf3 Bxf4 21. Ne2 Bd6 22. Ng3 Ne5 23. Qf6 Nd7 24. Qf3 e5 25. Be2 e4 26. Qe3 Be5 27. c3 f5 28. Qh6 Nf6 29. Bd1 f4 30. Nf1 Ng4 31. Bxg4 Bxg4 32. b4 f3 33. Kg1 Rbe8 34. Rf2 Bxc3 35. Rb1 Bd4 36. Ne3 Qa7 37. Bg5 Be6 38. Rc1 fxg2 39. Rxg2 Bg7 40. Qh4 d4 41. Qxe4 Bd5 0-1

[Event "Verbandsliga Sued Baden 1213"]
[Site "Baden"]
[Date "2013.03.03"]
[Round "7.6"]
[White "Kalix, Wolfgang"]
[Black "Schmidt, Wolfgang"]
[Result "1-0"]
[WhiteElo "2052"]
[BlackElo "2249"]
[PlyCount "65"]
[EventDate "2012.10.21"]
[EventType "team-tourn"]
[EventRounds "9"]
[EventCountry "GER"]
[SourceTitle "EXT 2014"]
[Source "ChessBase"]
[SourceDate "2013.11.20"]
[SourceVersion "1"]
[SourceVersionDate "2013.11.20"]
[SourceQuality "1"]
[WhiteTeam "Konstanz"]
[BlackTeam "Emmendingen"]
[WhiteTeamCountry "GER"]
[BlackTeamCountry "GER"]

1. e4 g6 2. Nc3 Bg7 3. f4 d6 4. Nf3 Nf6 5. Be2 0-0 6. 0-0 c5 7. d3 Nc6 8. Qe1 Bg4 9. h3 Bxf3 10. Bxf3 Nd4 11. Bd1 e6 12. Ne2 Nd7 13. c3 Nc6 14. f5 Nde5 15. Nf4 exf5 16. exf5 d5 17. Qg3 Qd7 18. Nh5 f6 19. Nxg7 Kxg7 20. Qh4 Rf7 21. d4 cxd4 22. cxd4 g5 23. Bxg5 fxg5 24. Qxg5+ Kh8 25. dxe5 Nxe5 26. f6 Qd6 27. Bh5 Rg8 28. Qf5 Qb6+ 29. Rf2 Ng6 30. Kh1 Nh4 31. Qf4 Nxg2 32. Rxg2 Rxg2 33. Bxf7 1-0